01621nam a2200373Ia 4500001001200000003000800012006001900020007001500039008004100054010001700095020003600112020003300148020003600181020003300217040002100250035002100271050002400292100001800316245010300334260011600437300001600553504006400569533015200633650003600785650004300821650004600864651005200910651005200962651004401014655002901058710001701087856012601104999001701230ebr10269618CaPaEBRm u cr cn|||||||||080222s2008 enk sb 001 0 eng d z 2008008258 z9781842778852 (pb : alk. paper) z1842778854 (pb : alk. paper) z9781842778845 (hb : alk. paper) z1842778846 (hb : alk. paper) aCaPaEBRcCaPaEBR a(OCoLC)56061272014aJZ1480b.M33 2008eb1 aMarsden, Lee.10aFor God's sakeh[electronic resource] :bthe Christian right and US foreign policy /cLee Marsden. aLondon ;aNew York :bZed Books ;aNew York :bDistributed in the USA exclusively by Palgrave Macmillan,c2008. axii, 286 p. aIncludes bibliographical references (p. 254-273) and index. aElectronic reproduction.bPalo Alto, Calif. :cebrary,d2009.nAvailable via World Wide Web.nAccess may be limited to ebrary affiliated libraries. 0aReligious rightzUnited States. 0aChristian conservatismzUnited States. 0aChristianity and politicszUnited States. 0aUnited StatesxForeign relationsy20th century. 0aUnited StatesxForeign relationsy21st century. 0aUnited StatesxPolitics and government. 7aElectronic books.2local2 aebrary, Inc.40uhttp://site.ebrary.com/lib/rucke/Doc?id=10269618zAn electronic book accessible through the World Wide Web; click to view c23352d23352